| 000 | 00630cam a22001932 4500 | ||
|---|---|---|---|
| 001 | 0000003295 | ||
| 005 | 20151217155820.0 | ||
| 008 | 070503s xx 000 0 eng d | ||
| 020 |
_a9111312620 : _cKES 325 |
||
| 040 |
_aKABU _cKABU |
||
| 050 | 0 |
_aHT166 _b.R47 |
|
| 245 | 1 | 0 | _aReport of the international Conference on re-appraising the urban planning process as an instrument of sustainable urban development and management. : |
| 260 |
_aNairobi : _bHabitat, _c1994. |
||
| 300 | _a39 p. | ||
| 650 | 0 |
_aCity planning. _@0000047171 |
|
| 908 | _a070503 | ||
| 950 | _@1 | ||
| 999 |
_c12809 _d12809 |
||